01015cam a22003257i 450000100090000000300050000900500170001400800410003101000170007202000180008902500270010703700530013403800060018704000280019304200100022105000380023108200120026910000250028124500440030626400410035030000230039133600210041433700250043533800230046050000190048390600450050294200120054799900150055995201150057417740065Nust20210215094929.0130516s2013 ii 000 1 eng  a 2013316939 a9780670086566 aI-E-2013-316939; 26-90 bLibrary of Congress -- New Delhi Overseas Office aA aDLCbengcDLCerdadDLC alcode00aMLCS 2012/01582 (P)aPR9540.9.S53 a823.9141 aSidhwa, Bapsi.9981910aTheir language of love /cBapsi Sidhwa. 1aNew Delhi :bPenguin, Viking,c2013. a253 pages ;c21 cm atext2rdacontent aunmediated2rdamedia avolume2rdacarrier aShort stories. a7bcbccorigoded4encipf20gy-gencatlg 2ddccBK c3768d3768 00102ddc4070aCLbCLcGENd2016-12-06l4m1o823.914 SIDpS3H-S-315r2026-03-17s2024-09-10w2016-12-06yBK